[Event "4NCL/Div1/SLOS1 vs. AD"]
[Site "Wokefield Park ENG"]
[Date "2008.03.01"]
[Round "7.2"]
[White "Davies, Nigel R"]
[Black "Rendle, Thomas E"]
[Result "1-0"]
[WhiteElo "2480"]
[BlackElo "2393"]
[PlyCount "71"]
[EventDate "2008.03.01"]
[EventCountry "ENG"]
[SourceDate "2007.09.15"]

1. e4 e6 2. d3 d5 3. Nd2 Nf6 4. Ngf3 Bc5 5. e5 Nfd7 6. g3 a5 7. Bg2 Nc6 8. Qe2
Bd4 9. O-O O-O 10. c4 Bxe5 11. Nxe5 Ndxe5 12. f4 Ng6 13. Nf3 Qd6 14. Be3 d4 15.
Bd2 f6 16. a3 a4 17. Rac1 Qc5 18. Ne1 Rd8 19. Nc2 Na5 20. Bb4 Qb6 21. c5 Qb5
22. Bxa5 Rxa5 23. Nb4 Ne7 24. Bh3 Nf5 25. Bxf5 exf5 26. c6 Rf8 27. Qe7 bxc6 28.
Rxc6 Rf7 29. Qd8+ Rf8 30. Qxc7 Ra8 31. Re1 Kh8 32. Re7 Rg8 33. Rxf6 Qa5 34.
Rxg7 Rxg7 35. Rf8+ Rg8 36. Qf7 1-0

[Event "4NCL/Div1/SLOS1 vs. AD"]
[Site "Wokefield Park ENG"]
[Date "2008.03.01"]
[Round "7.3"]
[White "Jessel, Stephen"]
[Black "Mestel, A Jonathan"]
[Result "0-1"]
[WhiteElo "2309"]
[BlackElo "2470"]
[PlyCount "64"]
[EventDate "2008.03.01"]
[EventCountry "ENG"]
[SourceDate "2007.09.15"]

1. e4 c5 2. Nf3 d6 3. d4 cxd4 4. Nxd4 Nf6 5. Nc3 Nc6 6. Be2 g6 7. Be3 Bg7 8.
Qd2 O-O 9. O-O-O Bd7 10. h4 h5 11. f3 Rc8 12. g4 hxg4 13. h5 Nxh5 14. fxg4 Ng3
15. Rh3 Nxd4 16. Bxd4 e5 17. Be3 Nxe2+ 18. Qxe2 Rxc3 19. bxc3 Qc8 20. Rh4 Qxc3
21. Bh6 Bxg4 22. Rxg4 Bxh6+ 23. Kb1 Qb4+ 24. Ka1 Rc8 25. Qd3 Rc4 26. Rb1 Qc5
27. Rg2 Be3 28. Rb3 Bd4+ 29. Kb1 a5 30. a3 b5 31. c3 a4 32. cxd4 Rxd4 0-1

[Event "4NCL/Div1/SLOS1 vs. AD"]
[Site "Wokefield Park ENG"]
[Date "2008.03.01"]
[Round "7.4"]
[White "Richardson, John R"]
[Black "Martyn, Rafe"]
[Result "1/2-1/2"]
[WhiteElo "2310"]
[BlackElo "2296"]
[PlyCount "106"]
[EventDate "2008.03.01"]
[EventCountry "ENG"]
[SourceDate "2007.09.15"]

1. d4 Nf6 2. c4 e6 3. Nc3 Bb4 4. e3 b6 5. Bd3 Bb7 6. Nge2 Bxg2 7. Rg1 Be4 8. a3
Bxc3+ 9. Nxc3 Bxd3 10. Qxd3 Nh5 11. Qe4 Nc6 12. d5 Na5 13. Bd2 Nb3 14. Rd1 O-O
15. Qg4 b5 16. Qxh5 bxc4 17. Qh6 g6 18. Ne4 Nxd2 19. Rxd2 Qe7 20. dxe6 fxe6 21.
h4 d5 22. Nc3 c6 23. Ne2 e5 24. h5 Qh4 25. Qg5 Qxf2+ 26. Kd1 Rf5 27. Qe7 Rxh5
28. Qe6+ Qf7 29. Qxc6 Rd8 30. Ng3 Rg5 31. Rf1 Qe7 32. Ne2 Qd7 33. Qxd7 Rxd7 34.
Nc3 Rf5 35. Rxf5 gxf5 36. Rxd5 Rxd5+ 37. Nxd5 Kf7 38. Ke2 Ke6 39. Nc3 Kd7 40.
Kf3 h5 41. Kg3 Kc6 42. Kh4 f4 43. exf4 exf4 44. Kxh5 f3 45. Nd1 Kd5 46. Kg4 Ke4
47. Kg3 Kd3 48. Kxf3 Kd2 49. Ke4 Kxd1 50. Kd4 Kc2 51. Kxc4 Kxb2 52. Kb4 a5+ 53.
Kxa5 Kxa3 1/2-1/2

[Event "4NCL/Div1/SLOS1 vs. AD"]
[Site "Wokefield Park ENG"]
[Date "2008.03.01"]
[Round "7.5"]
[White "Marlow, Michael"]
[Black "Snape, Ian"]
[Result "0-1"]
[WhiteElo "2269"]
[BlackElo "2213"]
[PlyCount "46"]
[EventDate "2008.03.01"]
[EventCountry "ENG"]
[SourceDate "2007.09.15"]

1. e4 c5 2. Nf3 d6 3. d4 Nf6 4. Nc3 cxd4 5. Qxd4 Nc6 6. Bb5 Bd7 7. Bxc6 Bxc6 8.
Bg5 e6 9. O-O-O Be7 10. Rhe1 O-O 11. e5 dxe5 12. Qh4 Qc7 13. Nxe5 h6 14. Bxh6
gxh6 15. Qxh6 Nh7 16. f4 Bf6 17. Re3 Bxe5 18. fxe5 f6 19. Rd4 Kh8 20. Rh4 fxe5
21. Reh3 Rf7 22. g4 Rf1+ 23. Nd1 Be4 0-1

[Event "4NCL/Div1/SLOS1 vs. AD"]
[Site "Wokefield Park ENG"]
[Date "2008.03.01"]
[Round "7.6"]
[White "Graham, David B"]
[Black "Muter, Donny"]
[Result "1/2-1/2"]
[WhiteElo "2216"]
[BlackElo "2232"]
[PlyCount "30"]
[EventDate "2008.03.01"]
[EventCountry "ENG"]
[SourceDate "2007.09.15"]

1. e4 c5 2. c3 d5 3. exd5 Qxd5 4. d4 Nf6 5. Nf3 e6 6. Be2 cxd4 7. cxd4 Nc6 8.
Nc3 Qd6 9. O-O Be7 10. Bg5 O-O 11. Qd2 b6 12. Rfd1 Bb7 13. Rac1 Rac8 14. a3 Nd5
15. Ne4 Qb8 1/2-1/2

[Event "4NCL/Div1/SLOS1 vs. AD"]
[Site "Wokefield Park ENG"]
[Date "2008.03.01"]
[Round "7.7"]
[White "Van Weersel, Arlette"]
[Black "Anderton, David"]
[Result "1/2-1/2"]
[WhiteElo "2168"]
[BlackElo "2251"]
[PlyCount "146"]
[EventDate "2008.03.01"]
[EventCountry "ENG"]
[SourceDate "2007.09.15"]

1. e4 e6 2. d3 d5 3. Nd2 c5 4. Ngf3 Nc6 5. g3 b6 6. Bg2 dxe4 7. Nxe4 Bb7 8. Bf4
Be7 9. O-O Nf6 10. Qe2 O-O 11. Rfd1 Nd5 12. Bd2 Qd7 13. c4 Nf6 14. Bc3 Nd4 15.
Bxd4 cxd4 16. Ne5 Qc7 17. Nxf6+ Bxf6 18. Bxb7 Qxb7 19. Nf3 Rac8 20. Nd2 e5 21.
Re1 Rfe8 22. Qg4 g6 23. h4 Bg7 24. Qe4 Qd7 25. Kg2 f5 26. Qe2 Re7 27. f4 Rce8
28. fxe5 Rxe5 29. Qf1 Re3 30. Nf3 f4 31. Rxe3 dxe3 32. Qe2 Qg4 33. Rg1 Qxg3+
34. Kf1 Qh3+ 35. Rg2 Rd8 36. b3 Qf5 37. Rg5 Qxd3 38. Qxd3 Rxd3 39. Ke2 Rd8 40.
a4 Kf7 41. a5 Rd6 42. c5 bxc5 43. Rxc5 Ke7 44. Rc4 Bh6 45. b4 a6 46. Rc7+ Kf6
47. Rxh7 Bg7 48. h5 gxh5 49. Rxh5 Ke6 50. b5 axb5 51. Rxb5 Bf6 52. Rb6 Rxb6 53.
axb6 Bd8 54. b7 Bc7 55. Ne1 Kd7 56. Nf3 Kc6 57. Ne1 Kxb7 58. Nf3 Kc6 59. Ne1
Kd5 60. Nf3 Ke4 61. Ng5+ Kf5 62. Nf3 Kg4 63. Nh2+ Kg3 64. Nf3 Ba5 65. Ng5 Kg2
66. Nf3 Bc3 67. Nh4+ Kh3 68. Nf3 Bf6 69. Ng1+ Kg3 70. Nf3 Bh4 71. Ne5 Kg2 72.
Nf3 Bf2 73. Ne5 Kg3 1/2-1/2

[Event "4NCL/Div1/SLOS1 vs. AD"]
[Site "Wokefield Park ENG"]
[Date "2008.03.01"]
[Round "7.8"]
[White "Bellin, Jana"]
[Black "Purton, Ben J"]
[Result "1-0"]
[WhiteElo "2170"]
[BlackElo "2112"]
[PlyCount "69"]
[EventDate "2008.03.01"]
[EventCountry "ENG"]
[SourceDate "2007.09.15"]

1. d4 d5 2. Nf3 Nf6 3. c4 dxc4 4. g3 Nbd7 5. Qa4 e6 6. Bg2 c5 7. O-O cxd4 8.
Nxd4 Qb6 9. Qxc4 a6 10. Nf3 Bd6 11. Nc3 O-O 12. b3 Ne5 13. Nxe5 Bxe5 14. Ba3
Rd8 15. Rad1 Rxd1 16. Rxd1 Bd7 17. Na4 Qb5 18. Qxb5 axb5 19. Bxb7 Ra7 20. Nc5
Rxa3 21. Nxd7 Nxd7 22. Rxd7 g5 23. Bc6 b4 24. Rb7 Bc3 25. Be8 f6 26. Bf7+ Kh8
27. Bxe6 Rxa2 28. Bc4 Rb2 29. Kg2 h6 30. Kf3 Rb1 31. Kg4 f5+ 32. Kh5 Rd1 33.
Kxh6 Rd6+ 34. Kxg5 Be5 35. Kxf5 1-0

[Event "4NCL/Div1/BAR1 vs. GUI1"]
[Site "Wokefield Park ENG"]
[Date "2008.03.01"]
[Round "7.1"]
[White "Parker, Jonathan"]
[Black "Rowson, Jonathan"]
[Result "1/2-1/2"]
[WhiteElo "2535"]
[BlackElo "2580"]
[PlyCount "72"]
[EventDate "2008.03.01"]
[EventCountry "ENG"]
[SourceDate "2007.09.15"]

1. d4 Nf6 2. c4 e6 3. Nf3 b6 4. e3 Bb7 5. Bd3 d5 6. cxd5 exd5 7. O-O Bd6 8. Nc3
O-O 9. Qc2 a6 10. e4 dxe4 11. Nxe4 Nxe4 12. Bxe4 Bxe4 13. Qxe4 Nd7 14. Bg5 Re8
15. Qc2 Qc8 16. Bh4 Qb7 17. Qb3 Nf8 18. Rfe1 Ne6 19. Re3 Nf4 20. Rae1 Rxe3 21.
fxe3 Ng6 22. e4 Nxh4 23. Nxh4 Bf8 24. Nf3 c5 25. d5 b5 26. Rd1 Rd8 27. Kh1 f6
28. Qd3 Bd6 29. b3 Qc7 30. Rc1 Qf7 31. g3 Re8 32. Kg2 Qe7 33. Re1 Qc7 34. Rc1
Qe7 35. Re1 Rc8 36. Rc1 Re8 1/2-1/2

[Event "4NCL/Div1/BAR1 vs. GUI1"]
[Site "Wokefield Park ENG"]
[Date "2008.03.01"]
[Round "7.2"]
[White "Hebden, Mark L"]
[Black "Collinson, Adam"]
[Result "1-0"]
[WhiteElo "2530"]
[BlackElo "2385"]
[PlyCount "53"]
[EventDate "2008.03.01"]
[EventCountry "ENG"]
[SourceDate "2007.09.15"]

1. d4 Nf6 2. Nf3 d6 3. Nc3 Bf5 4. Bg5 Ne4 5. Nxe4 Bxe4 6. Nd2 Bg6 7. e4 d5 8.
c3 c6 9. Bd3 dxe4 10. Bxe4 Nd7 11. Qf3 Qa5 12. h4 e6 13. O-O Bd6 14. Rfe1 O-O
15. Bxg6 hxg6 16. Nc4 Qc7 17. h5 gxh5 18. Qxh5 Bf4 19. Re4 Bxg5 20. Qxg5 Qd8
21. Qg3 g6 22. Rae1 Kg7 23. Nd6 b6 24. R1e3 Nf6 25. Qe5 Rh8 26. g4 Kg8 27. Rf4
1-0

[Event "4NCL/Div1/BAR1 vs. GUI1"]
[Site "Wokefield Park ENG"]
[Date "2008.03.01"]
[Round "7.3"]
[White "Devereaux, Maxim"]
[Black "Conquest, Stuart C"]
[Result "1-0"]
[WhiteElo "2348"]
[BlackElo "2539"]
[PlyCount "177"]
[EventDate "2008.03.01"]
[EventCountry "ENG"]
[SourceDate "2007.09.15"]

1. d4 c5 2. d5 g6 3. c4 d6 4. e4 Bg7 5. Nf3 Nf6 6. Nc3 O-O 7. Bg5 e6 8. Bd3 h6
9. Bf4 exd5 10. cxd5 Nh5 11. Be3 Bg4 12. h3 Bxf3 13. Qxf3 Nd7 14. Qd1 a6 15. a4
Qa5 16. O-O Rfe8 17. Qc2 Rac8 18. Rfe1 Nhf6 19. Bd2 c4 20. Bf1 Qc7 21. Rad1 Kh7
22. Bf4 Qc5 23. Be3 Qb4 24. Bd4 Nh5 25. Bxg7 Nxg7 26. Kh2 b5 27. axb5 axb5 28.
f4 Qa5 29. Qf2 b4 30. Ra1 Qc5 31. Qxc5 Rxc5 32. Na4 Rc7 33. Rac1 Ra8 34. b3 c3
35. e5 Nf5 36. Bd3 Nd4 37. exd6 Rb7 38. Bc4 Nf5 39. Bd3 Nxd6 40. g4 Ra5 41.
Rcd1 Kg7 42. Bc2 Kf8 43. Rd4 Rbb5 44. Red1 Kg7 45. Bd3 Rb8 46. Re1 Ra7 47. Kg3
Rc7 48. Bc2 Nf6 49. Re5 Rb5 50. Kf3 h5 51. g5 Ng8 52. Ke2 Ne7 53. Kd1 Rcb7 54.
Kc1 Kf8 55. Rd1 Ra5 56. Rd4 Rbb5 57. Bd3 Rb8 58. Bc2 Rb7 59. Bd3 Nef5 60. Bxf5
gxf5 61. Rd3 Kg7 62. h4 Kg6 63. Re1 Rbb5 64. Rd4 Rb7 65. Kc2 Rab5 66. Kd3 Rd7
67. Re5 Ra7 68. Re1 Kg7 69. Kc2 Raa5 70. Red1 Kg6 71. Re1 Rxd5 72. Red1 Rxd4
73. Rxd4 Ne4 74. Rxb4 Rd5 75. Nxc3 Rd2+ 76. Kc1 Rd3 77. Rb6+ Kg7 78. Nxe4 fxe4
79. Rb4 f5 80. Rb7+ Kg6 81. Rb6+ Kg7 82. Rf6 Rxb3 83. Rxf5 Rh3 84. Kd2 Rxh4 85.
Ke3 Rg4 86. Kxe4 h4 87. Rf6 h3 88. Rh6 Rg3 89. Kf5 1-0

[Event "4NCL/Div1/BAR1 vs. GUI1"]
[Site "Wokefield Park ENG"]
[Date "2008.03.01"]
[Round "7.4"]
[White "Pert, Nicholas"]
[Black "Collins, Sam"]
[Result "0-1"]
[WhiteElo "2528"]
[BlackElo "2394"]
[PlyCount "104"]
[EventDate "2008.03.01"]
[EventCountry "ENG"]
[SourceDate "2007.09.15"]

1. d4 d5 2. Nf3 c6 3. c4 Nf6 4. Nc3 a6 5. g3 g6 6. Bg2 Bg7 7. cxd5 Nxd5 8. e4
Nxc3 9. bxc3 c5 10. O-O cxd4 11. cxd4 Nc6 12. e5 O-O 13. Rb1 Be6 14. a4 Rb8 15.
Bf4 Ba2 16. e6 Bxb1 17. Qxb1 fxe6 18. Bxb8 Qxb8 19. Rd1 Qd6 20. Qxb7 Nxd4 21.
Qe4 e5 22. Qe3 Kh8 23. h4 Qf6 24. Rd3 Qf5 25. Ng5 Qd7 26. a5 Qb5 27. Be4 Qb1+
28. Kg2 Nc2 29. Qe2 Ne1+ 30. Kh2 Nxd3 31. Bxd3 Qb4 32. h5 Qxa5 33. hxg6 e4 34.
Nf7+ Rxf7 35. gxf7 exd3 36. Qxe7 Qh5+ 37. Kg1 Qh6 38. Qd8+ Bf8 39. Qxd3 Kg7 40.
Qd5 Qf6 41. Qc4 Qb6 42. Qg4+ Qg6 43. Qc4 Qb1+ 44. Kh2 Qb6 45. Kh3 a5 46. Qg4+
Qg6 47. Qd4+ Qf6 48. Qg4+ Kh6 49. f4 a4 50. Qg8 Qg7 51. g4 a3 52. f5 Kg5 0-1

[Event "4NCL/Div1/BAR1 vs. GUI1"]
[Site "Wokefield Park ENG"]
[Date "2008.03.01"]
[Round "7.5"]
[White "Knott, Simon"]
[Black "Howell, David W L"]
[Result "1/2-1/2"]
[WhiteElo "2374"]
[BlackElo "2528"]
[PlyCount "61"]
[EventDate "2008.03.01"]
[EventCountry "ENG"]
[SourceDate "2007.09.15"]

1. Nf3 Nf6 2. c4 c5 3. Nc3 d5 4. cxd5 Nxd5 5. d4 Nxc3 6. bxc3 g6 7. e4 Bg7 8.
Be3 Qa5 9. Qd2 Nc6 10. Rc1 cxd4 11. cxd4 Qxd2+ 12. Kxd2 O-O 13. d5 Na5 14. Bd3
e6 15. Bc5 Bh6+ 16. Ke2 Bxc1 17. Bxf8 Kxf8 18. Rxc1 exd5 19. exd5 Bg4 20. Ke3
Rc8 21. Rxc8+ Bxc8 22. Kd4 Ke7 23. Ng5 h6 24. Ne4 Bf5 25. Nc3 Bd7 26. h4 b6 27.
Ba6 f6 28. f4 Kd6 29. Ne4+ Ke7 30. Nc3 Kd6 31. Ne4+ 1/2-1/2

[Event "4NCL/Div1/BAR1 vs. GUI1"]
[Site "Wokefield Park ENG"]
[Date "2008.03.01"]
[Round "7.6"]
[White "Kosten, Anthony C"]
[Black "D'Costa, Lorin A R"]
[Result "1-0"]
[WhiteElo "2511"]
[BlackElo "2406"]
[PlyCount "59"]
[EventDate "2008.03.01"]
[EventCountry "ENG"]
[SourceDate "2007.09.15"]

1. c4 e5 2. g3 Nf6 3. Bg2 h6 4. Nc3 Bb4 5. e4 Bxc3 6. bxc3 O-O 7. Ne2 d6 8. O-O
Nc6 9. h3 Nh7 10. d3 Rb8 11. f4 exf4 12. Nxf4 Ne7 13. Rb1 Bd7 14. Rb2 a6 15.
Rbf2 b5 16. c5 Bc6 17. cxd6 cxd6 18. Qb3 Qd7 19. Be3 a5 20. a3 Ng5 21. h4 Ne6
22. Nh5 Qb7 23. Bh3 Bd7 24. Qd1 Ng6 25. Bf5 Nc5 26. Bxh6 gxh6 27. Qd2 Bxf5 28.
Rxf5 Kh7 29. Nf6+ Kg7 30. Qxh6+ 1-0

[Event "4NCL/Div1/BAR1 vs. GUI1"]
[Site "Wokefield Park ENG"]
[Date "2008.03.01"]
[Round "7.8"]
[White "Lalic, Susan"]
[Black "Lauterbach, Ingrid"]
[Result "1-0"]
[WhiteElo "2334"]
[BlackElo "2159"]
[PlyCount "101"]
[EventDate "2008.03.01"]
[EventCountry "ENG"]
[SourceDate "2007.09.15"]

1. e4 d6 2. d4 g6 3. Nc3 c6 4. Be3 Qb6 5. a3 Bg7 6. h3 Nd7 7. Nf3 Ngf6 8. Bd3
Qc7 9. O-O O-O 10. Re1 e5 11. dxe5 dxe5 12. a4 b6 13. Bc4 Bb7 14. Qe2 a6 15.
Nd2 b5 16. Bb3 b4 17. Na2 a5 18. f3 c5 19. Bc4 Nb6 20. Bb5 Rfc8 21. c3 Bf8 22.
cxb4 axb4 23. b3 Bc6 24. Rac1 Bxb5 25. Qxb5 Qd6 26. Red1 Nbd7 27. Qe2 Qe6 28.
Qc4 Qe8 29. Qe2 Qe6 30. Nc4 Ne8 31. Rc2 Nb8 32. Nc1 Ra6 33. Nd3 Rac6 34. Ndxe5
R6c7 35. Rcd2 Bg7 36. Ng4 h5 37. Nf2 Bc3 38. Rd3 Nd7 39. a5 Ne5 40. Nxe5 Bxe5
41. Rd5 c4 42. bxc4 Rxc4 43. Nd3 Rc2 44. Rd2 b3 45. Rxe5 Qxe5 46. Nxe5 b2 47.
Qf1 Rxd2 48. Bxd2 Rc2 49. Be3 Nd6 50. Qb1 Re2 51. Bd4 1-0

[Event "4NCL/Div1/NWE1 vs. RIC"]
[Site "Wokefield Park ENG"]
[Date "2008.03.01"]
[Round "7.1"]
[White "Macak, Stefan"]
[Black "Bates, Richard A"]
[Result "0-1"]
[WhiteElo "2361"]
[BlackElo "2375"]
[PlyCount "107"]
[EventDate "2008.03.01"]
[EventCountry "ENG"]
[SourceDate "2007.09.15"]

1. e4 c5 2. Nf3 d6 3. d4 cxd4 4. Nxd4 Nf6 5. Nc3 a6 6. f3 e5 7. Nb3 Be6 8. Be3
Be7 9. Qd2 O-O 10. O-O-O Qc7 11. g4 Rc8 12. g5 Nh5 13. Nd5 Bxd5 14. exd5 a5 15.
Kb1 a4 16. Nc1 Nf4 17. Bxf4 exf4 18. h4 Nd7 19. Bh3 a3 20. b3 Ra5 21. c4 Rca8
22. Bxd7 Qxd7 23. Rhe1 b5 24. cxb5 Rxb5 25. Qxf4 Qb7 26. Qe4 Bf8 27. h5 Rb4 28.
Qd3 Be7 29. f4 Rc8 30. Ne2 Rc5 31. Rd2 Rcb5 32. Ka1 h6 33. Nc3 Rc5 34. Ne4 Rc8
35. gxh6 Qc7 36. Kb1 f5 37. h7+ Kh8 38. Ng5 Bxg5 39. fxg5 Re4 40. Red1 Kxh7 41.
g6+ Kh6 42. Qf3 Qc3 43. Qg2 Rec4 44. Qf1 f4 45. Rf2 Qe5 46. Qxc4 Rxc4 47. bxc4
Qe4+ 48. Rc2 f3 49. Kc1 Qf4+ 50. Kb1 f2 51. Rf1 Qe4 52. c5 Qb4+ 53. Ka1 Qe1+
54. Rc1 0-1

[Event "4NCL/Div1/NWE1 vs. RIC"]
[Site "Wokefield Park ENG"]
[Date "2008.03.01"]
[Round "7.2"]
[White "Wall, Gavin"]
[Black "Morrison, Graham"]
[Result "1/2-1/2"]
[WhiteElo "2305"]
[BlackElo "2319"]
[PlyCount "48"]
[EventDate "2008.03.01"]
[EventCountry "ENG"]
[SourceDate "2007.09.15"]

1. e4 c5 2. Nf3 e6 3. c3 d5 4. e5 d4 5. Bd3 Nc6 6. O-O Nge7 7. Qe2 Ng6 8. g3 f6
9. Bxg6+ hxg6 10. d3 g5 11. g4 Kf7 12. Nbd2 Be7 13. a4 Qc7 14. Nc4 Bd7 15. cxd4
cxd4 16. Nfd2 Nxe5 17. Nxe5+ Qxe5 18. Qxe5 fxe5 19. Nf3 Bf6 20. Nxg5+ Bxg5 21.
Bxg5 Rh3 22. f3 Bc6 23. Rae1 Kg6 24. Rxe5 Rxf3 1/2-1/2

[Event "4NCL/Div1/NWE1 vs. RIC"]
[Site "Wokefield Park ENG"]
[Date "2008.03.01"]
[Round "7.3"]
[White "Carleton, John J"]
[Black "Bisby, Daniel L"]
[Result "1-0"]
[WhiteElo "2304"]
[BlackElo "2278"]
[PlyCount "89"]
[EventDate "2008.03.01"]
[EventCountry "ENG"]
[SourceDate "2007.09.15"]

1. d4 Nf6 2. c4 e6 3. Nc3 d5 4. cxd5 exd5 5. Bg5 Be7 6. e3 O-O 7. Bd3 Nbd7 8.
Nge2 c6 9. Qc2 Re8 10. O-O Nf8 11. a3 Nh5 12. Bxe7 Qxe7 13. b4 Be6 14. b5 c5
15. dxc5 Qxc5 16. Na4 Qxc2 17. Bxc2 Rac8 18. Rfc1 Nf6 19. Nd4 N8d7 20. Bf5 Rc4
21. Rxc4 dxc4 22. Rc1 Bxf5 23. Nxf5 Ne5 24. h3 Ne4 25. f4 g6 26. Nd4 Nd3 27.
Rxc4 Ng3 28. Nc2 h5 29. Nc3 h4 30. Nd5 Rd8 31. Rc8 Ne2+ 32. Kh2 Rxc8 33. Ne7+
Kf8 34. Nxc8 Nf2 35. Nxa7 Ne4 36. Nd4 Nxd4 37. exd4 Ke7 38. a4 Kd6 39. a5 Kd5
40. Nc8 Nc3 41. a6 bxa6 42. bxa6 Kc6 43. Nd6 Nd5 44. a7 Nc7 45. Nxf7 1-0

[Event "4NCL/Div1/NWE1 vs. RIC"]
[Site "Wokefield Park ENG"]
[Date "2008.03.01"]
[Round "7.4"]
[White "Franklin, Michael J"]
[Black "Coates, Kenneth G"]
[Result "1/2-1/2"]
[WhiteElo "2243"]
[BlackElo "2242"]
[PlyCount "54"]
[EventDate "2008.03.01"]
[EventCountry "ENG"]
[SourceDate "2007.09.15"]

1. d4 d5 2. Nf3 Nf6 3. e3 Bf5 4. Bd3 Bxd3 5. Qxd3 c6 6. O-O g6 7. c4 Bg7 8. Nc3
O-O 9. b3 Nbd7 10. Bb2 Re8 11. Rfd1 Rc8 12. e4 dxe4 13. Nxe4 Nxe4 14. Qxe4 Qa5
15. Qc2 e5 16. Bc3 Qc7 17. d5 cxd5 18. Rxd5 e4 19. Nd4 a6 20. Ne2 Bxc3 21. Qxc3
b5 22. Rc1 Nb6 23. Rd4 bxc4 24. bxc4 Na4 25. Qe3 Nc5 26. Nf4 f5 27. h4 Ne6
1/2-1/2

[Event "4NCL/Div1/NWE1 vs. RIC"]
[Site "Wokefield Park ENG"]
[Date "2008.03.01"]
[Round "7.5"]
[White "Lyell, Mark"]
[Black "Nixon, Thomas C M"]
[Result "1-0"]
[WhiteElo "2221"]
[BlackElo "2202"]
[PlyCount "73"]
[EventDate "2008.03.01"]
[EventCountry "ENG"]
[SourceDate "2007.09.15"]

1. e4 e5 2. f4 d5 3. exd5 exf4 4. Nf3 Nf6 5. Bc4 Qe7+ 6. Qe2 a6 7. Qxe7+ Bxe7
8. d4 Bd6 9. Bb3 b5 10. O-O Bb7 11. Re1+ Kf8 12. Nc3 Rg8 13. Ng5 Nbd7 14. Nce4
Re8 15. Bd2 Nxe4 16. Nxh7+ Ke7 17. Rxe4+ Kd8 18. Ng5 Rxe4 19. Nxe4 g5 20. Nxd6
cxd6 21. Ba5+ Kc8 22. Re1 Nf6 23. Re7 Rf8 24. c4 bxc4 25. Bxc4 Ne8 26. b4 Ng7
27. Bd3 Bxd5 28. Bxa6+ Kb8 29. Bc7+ Ka8 30. Bxd6 Nf5 31. Re5 Nxd6 32. Rxd5 Ne4
33. Bd3 Re8 34. Bxe4 Rxe4 35. Rxg5 Rxd4 36. a3 Rd3 37. Rf5 1-0

[Event "4NCL/Div1/NWE1 vs. RIC"]
[Site "Wokefield Park ENG"]
[Date "2008.03.01"]
[Round "7.6"]
[White "Meyer, Gordon"]
[Black "Hulmes, David I"]
[Result "1-0"]
[WhiteElo "2154"]
[BlackElo "2220"]
[PlyCount "109"]
[EventDate "2008.03.01"]
[EventCountry "ENG"]
[SourceDate "2007.09.15"]

1. e4 e5 2. Nf3 Nc6 3. d4 exd4 4. Nxd4 Nf6 5. Nxc6 bxc6 6. e5 Qe7 7. Qe2 Nd5 8.
c4 Ba6 9. b3 g5 10. Bb2 Bg7 11. Qe4 Nf4 12. h4 Ng6 13. hxg5 Nxe5 14. Nc3 O-O-O
15. O-O-O h6 16. Qe3 Qxg5 17. f4 Ng4 18. Qxa7 Qxf4+ 19. Kb1 Bb7 20. c5 d6 21.
Ba6 Bxa6 22. Qxa6+ Kb8 23. Qxc6 Qf5+ 24. Ne4 Bxb2 25. cxd6 cxd6 26. Rd5 Qxe4+
27. Kxb2 Qxg2+ 28. Ka3 Qxd5 29. Qxd5 Rd7 30. Rh4 h5 31. Kb2 Kc7 32. Rh3 Ne5 33.
Rc3+ Kb8 34. Re3 Rhd8 35. Re4 Kc7 36. Ra4 Rb8 37. Ra7+ Kd8 38. Ra4 Ke7 39. Rh4
Rh8 40. a4 Rc7 41. Qd1 Rc5 42. b4 Rc7 43. Kb3 Rg8 44. a5 Rg3+ 45. Ka4 Rd3 46.
Qxh5 Rcc3 47. Qg5+ Kd7 48. Rh8 Ra3+ 49. Kb5 Rd5+ 50. Ka6 Nc6 51. Qg4+ f5 52.
Qg7+ Ne7 53. Qf8 Re5 54. Qe8+ Kc7 55. b5 1-0

[Event "4NCL/Div1/NWE1 vs. RIC"]
[Site "Wokefield Park ENG"]
[Date "2008.03.01"]
[Round "7.7"]
[White "Redmond, John"]
[Black "Chevannes, Sabrina"]
[Result "1-0"]
[WhiteElo "2210"]
[BlackElo "2074"]
[PlyCount "95"]
[EventDate "2008.03.01"]
[EventCountry "ENG"]
[SourceDate "2007.09.15"]

1. f4 d5 2. Nf3 g6 3. e3 Bg7 4. Be2 Nf6 5. O-O O-O 6. d3 c5 7. Nc3 Nc6 8. Ne5
Qc7 9. Nxc6 bxc6 10. e4 d4 11. Nb1 c4 12. Nd2 cxd3 13. cxd3 Rb8 14. Nc4 Be6 15.
Qc2 Nd7 16. b3 Nb6 17. Nb2 f5 18. Bd2 Rbc8 19. Rac1 Qd6 20. e5 Qa3 21. Ra1 Rfd8
22. Rfc1 c5 23. Bf3 Kh8 24. Rcb1 Qa6 25. Nc4 Nxc4 26. bxc4 Rb8 27. Rb3 Rb6 28.
Rxb6 axb6 29. Rb1 Bd7 30. Qb2 Rb8 31. a4 Bxa4 32. Ra1 b5 33. Bd1 Rb6 34. cxb5
Qxb5 35. Qxb5 Bxb5 36. Ra8+ Bf8 37. Rxf8+ Kg7 38. Rd8 Bxd3 39. Kf2 Rb2 40. Ke1
c4 41. Rxd4 Rb1 42. Bc3 Kf7 43. Kd2 Rb6 44. Be2 Ra6 45. Bxd3 cxd3 46. Kxd3 Ra2
47. Bd2 Ra1 48. Ke3 1-0

[Event "4NCL/Div1/WGR vs. BET"]
[Site "Wokefield Park ENG"]
[Date "2008.03.01"]
[Round "7.1"]
[White "Turner, Matthew J"]
[Black "Hunt, Adam C"]
[Result "1/2-1/2"]
[WhiteElo "2484"]
[BlackElo "2466"]
[PlyCount "105"]
[EventDate "2008.03.01"]
[EventCountry "ENG"]
[SourceDate "2007.09.15"]

1. e4 c5 2. c3 Nf6 3. e5 Nd5 4. g3 d6 5. exd6 Qxd6 6. Bg2 Nc6 7. Ne2 g6 8. Na3
Be6 9. d4 cxd4 10. Nb5 Qd7 11. Nexd4 Nxd4 12. Nxd4 Bh3 13. Bxh3 Qxh3 14. Qa4+
Qd7 15. Qxd7+ Kxd7 16. Ke2 e5 17. Nb5 Kc6 18. Rd1 Nb6 19. a4 a6 20. Na3 f6 21.
Nc2 Be7 22. a5 Nd5 23. Ra4 b5 24. axb6 Nxb6 25. Ra5 Nc4 26. Rad5 Rab8 27. Rd7
Rhe8 28. Ra7 Ra8 29. Rxa8 Rxa8 30. Ne3 Nxe3 31. Bxe3 a5 32. Ra1 Rb8 33. Ra2 a4
34. Kd3 Kb5 35. Kc2 Ra8 36. Ra1 Kc4 37. Rxa4+ Rxa4 38. b3+ Kb5 39. bxa4+ Kxa4
40. Kd3 Kb5 41. f4 exf4 42. Bxf4 Kc5 43. Be3+ Kd5 44. c4+ Kc6 45. g4 Bd6 46. h3
f5 47. gxf5 gxf5 48. Bc1 Be5 49. Bd2 Kc5 50. Be3+ Kb4 51. h4 h5 52. Bd4 Bxd4
53. Kxd4 1/2-1/2

[Event "4NCL/Div1/WGR vs. BET"]
[Site "Wokefield Park ENG"]
[Date "2008.03.01"]
[Round "7.2"]
[White "Ledger, Andrew J"]
[Black "Martin, Andrew D"]
[Result "0-1"]
[WhiteElo "2424"]
[BlackElo "2425"]
[PlyCount "74"]
[EventDate "2008.03.01"]
[EventCountry "ENG"]
[SourceDate "2007.09.15"]

1. e4 e6 2. Nf3 d5 3. Nc3 Be7 4. d4 dxe4 5. Nxe4 Nd7 6. Bd3 Ngf6 7. Qe2 Nxe4 8.
Bxe4 a6 9. c3 Nf6 10. Bc2 c5 11. Be3 Qc7 12. O-O b6 13. Ne5 Bb7 14. Bf4 Bd6 15.
Rad1 c4 16. Bg3 b5 17. Rfe1 Bd5 18. Rc1 Nd7 19. Qg4 O-O 20. Nxd7 Qxd7 21. Bxd6
Qxd6 22. Re5 f5 23. Qf4 Ra7 24. h4 b4 25. Rce1 bxc3 26. bxc3 Rb7 27. Qc1 Qd8
28. Qa3 Qxh4 29. Qxa6 Rb2 30. R1e2 Qg5 31. f4 Qxf4 32. Ba4 Rb1+ 33. Re1 Qg3 34.
Qxe6+ Bxe6 35. Rxb1 Bc8 36. Bb5 Qxc3 37. Rd1 f4 0-1

[Event "4NCL/Div1/WGR vs. BET"]
[Site "Wokefield Park ENG"]
[Date "2008.03.01"]
[Round "7.3"]
[White "Sowray, Peter J"]
[Black "Hunt, Harriet"]
[Result "0-1"]
[WhiteElo "2346"]
[BlackElo "2457"]
[PlyCount "92"]
[EventDate "2008.03.01"]
[EventCountry "ENG"]
[SourceDate "2007.09.15"]

1. e4 c5 2. Nf3 d6 3. d4 cxd4 4. Nxd4 Nf6 5. Nc3 a6 6. Bg5 e6 7. f4 Be7 8. Qf3
Qc7 9. O-O-O Nbd7 10. Bd3 h6 11. Bh4 g5 12. fxg5 Ne5 13. Qe2 Nfg4 14. Nf3 Nxf3
15. gxf3 hxg5 16. Bg3 Ne5 17. Qf2 Bd7 18. f4 gxf4 19. Bxf4 Bc6 20. Rhg1 O-O-O
21. Kb1 Bf6 22. Be2 Qa5 23. Bd2 Bh4 24. Qa7 Qc5 25. Qxc5 dxc5 26. Bf4 Ng6 27.
Be3 Rxd1+ 28. Bxd1 Be7 29. Rf1 Rh7 30. a4 Kd7 31. a5 Ke8 32. Bg1 Bd8 33. Bxc5
Bxa5 34. b4 Bc7 35. b5 axb5 36. Be2 Be5 37. Nxb5 Bxe4 38. Nd6+ Bxd6 39. Bxd6 f5
40. Bb5+ Kf7 41. Bg3 Kf6 42. Rd1 f4 43. Rf1 Ke5 44. Be1 Rxh2 45. Bc3+ Kf5 46.
Be8 Ne5 0-1